Hándbol: del aprendizaje a la competencia

Đã lưu trong:
Chi tiết về thư mục
Tác giả chính: Käsler, Horst (Tác giả)
Định dạng: Sách
Ngôn ngữ:Tiếng Tây Ban Nha
Được phát hành: Buenos Aires Kapelusz 1976
Loạt:Colección de Educación Física, 25
Những chủ đề:
Các nhãn: Thêm thẻ
Không có thẻ, Là người đầu tiên thẻ bản ghi này!

MARC

LEADER 00000nam a2200000 a 4500
001 UCY9430
003 CL-VaPUC
008 950717e19760000AG |||||||||||||||||spa|d
082 0 4 |a 796.31  |b KAS  |2 21 
100 0 |a Käsler, Horst  |e author  |9 341573 
245 1 0 |a Hándbol: del aprendizaje a la competencia 
300 |a 164 p 
942 |c BK 
945 |d 19950717 00:00:00  |a mfernand 
260 |a Buenos Aires  |b Kapelusz  |c 1976 
650 7 |a HANDBOL  |2 CL-VaPUC  |9 341574 
650 7 |a JUEGOS DE PELOTA  |2 CL-VaPUC  |9 340284 
583 |a last modification  |c 19950717 00:00:00  |k Rodrigo Vera 
490 0 |a Colección de Educación Física, 25 
999 |c 236524  |d 236522 
952 |0 0  |1 0  |4 0  |6 796_310000000000000_KAS_1976  |7 0  |8 P  |9 244660  |a BIBEDU  |b BIBEDU  |c BIBEDU_PB  |d 2019-11-18  |i 1536168  |o 796.31 KAS 1976  |p 1536168  |r 2024-01-25  |w 2019-11-18  |y BK  |k EDU 
952 |0 0  |1 0  |4 0  |6 796_310000000000000_KAS_1976  |7 0  |8 P  |9 244661  |a BIBEDU  |b BIBEDU  |c BIBEDU_PB  |d 2019-11-18  |i 1536176  |o 796.31 KAS 1976  |p 1536176  |r 2024-01-25  |w 2019-11-18  |y BK  |k EDU 
952 |0 0  |1 0  |4 0  |6 796_310000000000000_KAS_1976  |7 0  |8 P  |9 244662  |a BIBEDU  |b BIBEDU  |c BIBEDU_PB  |d 2019-11-18  |i 2011840  |o 796.31 KAS 1976  |p 2011840  |r 2024-01-25  |w 2019-11-18  |y BK  |k EDU